Marketing higher and further education : an educator's guide to promoting courses, departments and institutions
Αποθηκεύτηκε σε:
| Κύριος συγγραφέας: | |
|---|---|
| Άλλοι συγγραφείς: | |
| Μορφή: | Βιβλίο |
| Γλώσσα: | English |
| Δημοσίευση: |
[London] :
Kogan Page,
[2002]
|
| Θέματα: | |
| Ετικέτες: |
Προσθήκη ετικέτας
Δεν υπάρχουν, Καταχωρήστε ετικέτα πρώτοι!
|
MARC
| LEADER | 00000nam a2200000 i 4500 | ||
|---|---|---|---|
| 001 | 1/83029 | ||
| 008 | 080417s2002 eng d | ||
| 020 | |a 0-7494-3294-2 | ||
| 035 | |l 10096822 | ||
| 040 | |a GR-MY-UA |b gre |e aacr | ||
| 041 | 0 | |a eng | |
| 082 | 0 | |a 378.101 |2 (22) | |
| 100 | 1 | |a Gibbs, Paul. | |
| 245 | 1 | 0 | |a Marketing higher and further education : |b an educator's guide to promoting courses, departments and institutions / |c Paul Gibbs [and] Michael Knapp |
| 260 | |a [London] : |b Kogan Page, |c [2002] | ||
| 300 | |a viii, 147 σ.; |b πίν.; |c 23 εκ. | ||
| 504 | |a Βιβλιογραφία: σ. 135-139. Ευρετήριο | ||
| 650 | 0 | 0 | |a Education, Higher |x Marketing. |
| 650 | 0 | 0 | |a Universities and colleges |x Administration. |
| 700 | 1 | |a Knapp, Michael. | |
| 852 | |a INST |b RHODES |e 20080417 |h 378.101 GIB |p 005400029287 |q 005400029287 |t BK |y 0 | ||
| 901 | |a BIBL4-2008-1 | ||
| 909 | |a Ρ |b 152337 | ||
| 922 | |a 4ΕΛΗ |b 200803 |c ΕΠΕΑΕΚ2/ΤΕΠΑΕΣ |d ΕΛΕΥΘΕΡΟΥΔΑΚΗΣ | ||
| 970 | |a ΧΑΡΙΟΠΟΛΙΤΟΥ |b ΚΩΝΣΤΑΝΤΙΝΑ |z 2008/04/17 | ||